000 00942nam a2200313 a 4500
003 AR-BaBNM
005 20251128210405.0
008 082120s2002 ||||||||||||||000 | spa||
040 _cAR-BaBNM
100 1 _aPenchansky, Mónica
245 0 0 _aLa expresión corporal en la escuela primaria
_bun recurso didáctico
260 _aBuenos Aires
_bPlus Ultra
_c1980
300 _a94 p.
_bil.
490 0 _aBiblioteca pedagógica
504 _aContiene bibliografía p. 91-93
650 4 _aEDUCACION DEL NIÑO
650 4 _aCREATIVIDAD
650 4 _aMETODOS DE ENSEÑANZA
650 4 _aTECNICAS DIDACTICAS
650 4 _aENSEÑANZA DE LAS MATEMATICAS
650 4 _aENSEÑANZA DE LAS CIENCIAS SOCIALES
653 _aENSENANZA DE LA LENGUA
653 _aEXPRESION CORPORAL
653 _aEDUCACION PRIMARIA
653 _aENSEÑANZA DE LAS CIENCIAS NATURALES
700 1 _aEidelberg, Alejandra
942 _cBK
998 _cRaquel
999 _c15282
_d15282